Design and Analysis of Experiments /

Contiene: 1) Principios y técnicas; 2) Planeación de experimentos; 3) Diseños con una sola fuente de variación; 4) Conclusiones sobre los contrastes y las medias de los grupos de tratamiento; 5) Verificación de los supuestos del modelo; 6) Experimentos con dos factores de tratamiento cruzados; 7) Va...

Celý popis

Uloženo v:
Podrobná bibliografie
Hlavní autor: Dean, Angela (autor)
Další autoři: Voss, Daniel (autor) (autor), Draguljić, Danel (autor) (autor)
Médium: Kniha
Jazyk:angličtina
Vydáno: Cham, Suiza : Springer, 2017, c2017
Vydání:2a edición
Edice:(Springer Texts in Statistics)
Témata:
On-line přístup:Ver documento en línea
Tagy: Přidat tag
Žádné tagy, Buďte první, kdo vytvoří štítek k tomuto záznamu!

MARC

LEADER 00000nam^a2200000^a^4500
001 000630701
005 20260414094557.0
009 20260414195529.166
020 |a 978-3-319-52250-0 
037 |a Acervo ITESO - Biblioteca 
041 |a ING 
082 |a 001. 434  |b DEA 
100 |a Dean, Angela  |e (autor) 
245 1 0 |a Design and Analysis of Experiments /  |c A. Dean, D. Boss, D. Draguljić. 
250 |a 2a edición 
264 4 |a Cham, Suiza :  |b Springer,  |c 2017, c2017 
264 2 |a Cham, Suiza :  |b Springer Link [distribución],  |c 2026, c2026 
300 |a 1 libro electrónico en línea (XXV, 840 p.) 
300 |a 1 recurso en línea 
336 |a datos para computadora  |b cod  |2 rdacontenido 
337 |a computadora  |b c  |2 rdamedio 
338 |a recurso en línea  |b cr  |2 rdasoporte 
440 1 |a (Springer Texts in Statistics) 
506 0 |a Licencias ilimitadas 
520 |a Contiene: 1) Principios y técnicas; 2) Planeación de experimentos; 3) Diseños con una sola fuente de variación; 4) Conclusiones sobre los contrastes y las medias de los grupos de tratamiento; 5) Verificación de los supuestos del modelo; 6) Experimentos con dos factores de tratamiento cruzados; 7) Varios factores de tratamiento cruzados; 8) Regresión polinomial; 9) Análisis de covarianza; 10) Diseños de bloques completos; 11) Diseños de bloques incompletos; 12) Diseños con dos factores de bloqueo; 13) Experimentos factoriales de dos niveles con factores confundidos; 14) Factores de confusión en los experimentos factoriales generales; 15) Experimentos factoriales fraccionales; 16) Metodología de superficie de respuesta; 17) Efectos aleatorios y componentes de la varianza; 18) Modelos anidados; 19) Diseños de parcelas divididas; 20) Computer Experiments. 
521 |a 2025 BO Licenciatura en Ingeniería en Nanotecnología 
649 |a XX 
650 |a Diseño en Bloques 
650 |a Diseño entre Grupos 
650 |a Diseño intra Grupos 
650 |a Diseño Experimental -  |x Tema Principal 
650 |a Investigación Experimental 
650 |a Estadística 
650 |a Análisis de Varianza 
650 |a Ciencia -  |x Experimentos 
650 |a Ciencia -  |x Metodología 
700 |a Voss, Daniel  |e (autor) 
700 |a Draguljić, Danel  |e (autor) 
856 4 0 |u https://link-springer-com.ezproxy.iteso.mx/10.1007/978-3-319-52250-0  |y Ver documento en línea 
910 |a Fondo General 
920 |a Electrónicos - Libros en Línea 
930 |a Plataforma Digital 
905 |a 205 
902 |a https://opac.biblio.iteso.mx/vufind/Record/000630701